00608 a2200169 4500020001500000082001800015100002000033245008900053260004400142300002900186650002400215650002500239650002700264650003600291999001300327952009800340 a190399649X a620.11822 BAT aBathias, Claude aRepairing structures using composite wraps /cedited by Claude Bathias ... [et al.]. aLondon :bHermes Penton Science,c2003. a350 p. :bill. ;c24 cm. aComposite materials aStructural stability aStructural engineering aStructural failuresxPrevention c826d826 00104070aNITbNITcCEd0000-00-00l0o620.11822 BATpNIT-1753 r2017-01-05w2017-01-05yBK